2014 en la mira: ¿elecciones de qué?
El presente editorial desarrolla una reflexión en torno a las elecciones del 2014 en El Salvador; así, hace referencia a la normalidad electoral y gestión gubernamental, los candidatos y partidos, la desestructuración/reconfiguración del sistema de partidos, la situación del Tribunal Supremo Elector...
Na minha lista:
| Formato: | Texto |
|---|---|
| Assuntos: | |
| Tags: |
Adicionar Tag
Sem tags, seja o primeiro a adicionar uma tag!
|
MARC
| LEADER | 00000 a a2200000 04500 | ||
|---|---|---|---|
| 001 | 46099 | ||
| 003 | |||
| 040 | |||
| 245 | |a 2014 en la mira: |b ¿elecciones de qué? | ||
| 520 | |a El presente editorial desarrolla una reflexión en torno a las elecciones del 2014 en El Salvador; así, hace referencia a la normalidad electoral y gestión gubernamental, los candidatos y partidos, la desestructuración/reconfiguración del sistema de partidos, la situación del Tribunal Supremo Electoral y las promesas de campaña y debate electoral existentes. | ||
| 590 | |a AMB/NOVIEMBRE2014 | ||
| 650 | |a ESTADO | ||
| 650 | |a GOBIERNO | ||
| 650 | |a ELECCIONES | ||
| 650 | |a PARTIDOS POLITICOS | ||
| 650 | |a EL SALVADOR | ||
| 773 | |g volumen68, número734 (2013), páginas 299-306 | ||
| 999 | |c 20873 |d 20873 | ||
